Welcome to the Holygrace Academy Library

Please use search bar below to get started

A GREAT BOOK OF IDIOMS (Record no. 3785)

MARC details
000 -LEADER
fixed length control field 00262nam a22001217a 4500
082 ## - DEWEY DECIMAL CLASSIFICATION NUMBER
Classification number 425
Item number GRA/G
100 ## - MAIN ENTRY--AUTHOR NAME
Personal name GRAND,JOHN D
245 ## - TITLE STATEMENT
Title A GREAT BOOK OF IDIOMS
260 ## - PUBLICATION, DISTRIBUTION, ETC. (IMPRINT)
Place of publication DELHI
Name of publisher ROHAN BOOK COMPNY
300 ## - PHYSICAL DESCRIPTION
Number of Pages 160
650 ## - SUBJECT ADDED ENTRY--TOPICAL TERM
Topical Term IDIOMS & PHRASES
942 ## - ADDED ENTRY ELEMENTS (KOHA)
Koha item type Books
Holdings
Withdrawn status Lost status Home library Current library Shelving location Date acquired Source of acquisition Cost, normal purchase price Full call number Accession Number Koha item type
    Main Library Main Library SHELF-16C -ENGLISH GRAMMAR SYNONYMS7ANTONYMS,LETTERS, ETC 19/05/2011 PURCHASE 40.00 425 GRA/G 03440 Books